000 00484nam a2200181Ia 4500
001 17239
005 20260306170410.0
008 260306t2019||||xx |||||||||||||| ||und||
041 _aESP
082 _a657.61
_bA93C
100 _aAyala Zavala, Pascual
_eAUT
245 0 _aAnálisis y dinámica del nuevo PCGE 2020 por subcuentas y su aplicación práctica
260 _c2019
300 _a616 páginas :
_c25 cm.
650 _aGEN
654 _aCCO
942 _cLIB
_dJUS
_fJUS
_2ddc
_n
999 _c17239
_d17239